Теория машин переменного тока с введением в теорию установившихся переменных токов (Запись № 6443495)

Подробности
000 -МАРКЕР
контрольное поле 01580nam0a22002651 4500
001 - ИДЕНТИФИКАТОР ЗАПИСИ
контрольное поле rc\2927890
005 - ИДЕНТИФИКАТОР ВЕРСИИ
контрольное поле 20250529225902.0
035 ## - ДРУГИЕ СИСТЕМНЫЕ НОМЕРА
Идентификатор записи (NLR Aleph) 007077552
100 ## - ДАННЫЕ ОБЩЕЙ ОБРАБОТКИ
Данные общей обработки 20071207d1933 |||y0rusy50 ca
101 1# - ЯЗЫК РЕСУРСА
Язык текста, звукозаписи и т.д. русский
Язык оригинала немецкий
102 ## - СТРАНА ПУБЛИКАЦИИ ИЛИ ПРОИЗВОДСТВА
Страна публикации Российская Федерация
105 ## - ПОЛЕ КОДИРОВАННЫХ ДАННЫХ: ТЕКСТОВЫЕ МАТЕРИАЛЫ, МОНОГРАФИЧЕСКИЕ
Кодированные данные о монографическом текстовом документе a z ||||y
200 1# - ЗАГЛАВИЕ И СВЕДЕНИЯ ОБ ОТВЕТСТВЕННОСТИ
Основное заглавие Теория машин переменного тока с введением в теорию установившихся переменных токов
Сведения, относящиеся к заглавию Допущено Ком-том по высш. техн. образ. при ЦИК СССР в качестве учеб. пособия для втузов на уч. 1933-34 год
Первые сведения об ответственности О. Брагстад, проф. и дир. Высш. техн. училища в Дронтгейме
Последующие сведения об ответственности Обработал проф. Р. Сканке
-- Пер. с нем. инж.-электр. И. Б. Мандельштама
210 ## - ПУБЛИКАЦИЯ, РАСПРОСТРАНЕНИЕ И ДР.
Место издания, распространения и т.д. Ленинград
Имя издателя, распространителя и т. д. Изд-во "Кубуч"
Дата издания, распространения и т.д. 1933
Имя изготовителя 2 тип. изд-ва Ленсовета и Облисполкома
215 ## - ФИЗИЧЕСКАЯ ХАРАКТЕРИСТИКА
Специфическое обозначение материала и объем Переплет, XVI, 452 с.
Другие сведения о физической характеристике черт.
Размеры 23х15 см
300 ## - ОБЩИЕ ПРИМЕЧАНИЯ
Текст примечания Доб. тит. л.: "O.S. Bragstad, Prof.-Ing. e. h. (Drontheim). Theorie der Wechselstrommaschinen mit einer Einleitung in die Theorie der stationären Wechselstrome. Berlin 1932. Von Julius Springer Verlag"
700 #1 - ИМЯ ЛИЦА - ПЕРВИЧНАЯ ОТВЕТСТВЕННОСТЬ
Начальный элемент ввода Брагстад
Часть имени, кроме начального элемента ввода О.С.
Расширение инициалов личного имени Оле Сиверт
702 #1 - ИМЯ ЛИЦА - ВТОРИЧНАЯ ОТВЕТСТВЕННОСТЬ
Начальный элемент ввода Сканке
Часть имени, кроме начального элемента ввода Р.
Код отношения Прочие
702 #1 - ИМЯ ЛИЦА - ВТОРИЧНАЯ ОТВЕТСТВЕННОСТЬ
Начальный элемент ввода Мандельштам
Часть имени, кроме начального элемента ввода И.Б.
Код отношения Переводчик
801 #0 - ИСТОЧНИК ЗАПИСИ
Страна Российская Федерация
Организация NLR
Правила каталогизации psbo
801 #1 - ИСТОЧНИК ЗАПИСИ
Страна Российская Федерация
Организация ELAR
Источник данных rusmarc
852 ## - МЕСТОНАХОЖДЕНИЕ И ШИФР ХРАНЕНИЯ
Идентификатор организации NLR
Шифр хранения (Call Number) 33-4/1198
942 ## - ДОПОЛНИТЕЛЬНЫЕ ЭЛЕМЕНТЫ ЗАПИСИ (АБИС)
Тип экземпляра АБИС Книга
980 ## - КОЛЛЕКЦИЯ
Название коллекции Национальная библиография
Экземпляры
Тип экземпляра Дата поступления Библиотека постоянного хранения Библиотека текущего хранения Место хранения Шифр хранения Штрих-код Статус экземпляра
Книга 26.10.2013 РНБ (Садовая) РНБ (Садовая) Русский книжный фонд -Главное здание, Ленинский читальный зал 33-4/1198 7077552-10